| LEADER | 01031cam a2200265 7i4500 | ||
|---|---|---|---|
| 001 | 0000033825 | ||
| 005 | 20160921090000.0 | ||
| 007 | ##ta | ||
| 008 | 160921s2016 mau eng | ||
| 020 | # | # | |a 9789677014625 |
| 040 | # | # | |a MATR |
| 090 | 0 | 0 | |a T 382.7 |b MAL (M) |
| 245 | 0 | 4 | |a THE MALAYSIAN TRADE CLASSIFICATION AND CUSTOMS DUTIES ORDER : |b ALL AMENDMENTS UP TO 4 MAY 2016 INCLUDING 2016 BUDGET AMENDMENTS. |
| 264 | # | 1 | |a Kuala Lumpur: |b MDC Publishers, |c 2016. |
| 300 | # | # | |a 736 pages; |c 18.5 cm. |
| 336 | # | # | |a text |2 rdacontent |
| 337 | # | # | |a unmediated |2 rdamedia |
| 338 | # | # | |a volume |2 rdacarrier |
| 650 | # | 0 | |a Tariff -- |z Malaysia |
| 999 | |a JHR000439B |b Book |c Tariffs |e MATRADE Southern Regional Office | ||
| 999 | |a B000038039 |b Book |c Tariffs |e Business Information Centre | ||
| 999 | |a PNG001091B |b Book |c Tariffs |e MATRADE Northern Regional Office | ||
| 999 | |a SBH001116B |b Book |c Tariffs |e MATRADE Sabah | ||
| 999 | |a SRW000543B |b Book |c Tariffs |e MATRADE Sarawak | ||
| 999 | |a TRG000427B |b Book |c Tariffs |e MATRADE Eastern Regional Office | ||